Latin American prose in English translation; (Record no. 51567)
[ view plain ]
| 000 -LEADER | |
|---|---|
| fixed length control field | 00946cam a22002411 4500 |
| 001 - CONTROL NUMBER | |
| control field | pa 65000103 |
| 003 - CONTROL NUMBER IDENTIFIER | |
| control field | DLC |
| 005 - DATE AND TIME OF LATEST TRANSACTION | |
| control field | 20260227111856.0 |
| 008 - FIXED-LENGTH DATA ELEMENTS--GENERAL INFORMATION | |
| fixed length control field | 800411s1964 dcu b i000 0 eng |
| 010 ## - LIBRARY OF CONGRESS CONTROL NUMBER | |
| LC control number | pa 65000103 |
| 035 ## - SYSTEM CONTROL NUMBER | |
| System control number | (OCoLC)6190834 |
| 040 ## - CATALOGING SOURCE | |
| Original cataloging agency | DLC |
| Transcribing agency | TxCM |
| Modifying agency | DLC |
| 042 ## - AUTHENTICATION CODE | |
| Authentication code | premarc |
| 050 00 - LIBRARY OF CONGRESS CALL NUMBER | |
| Classification number | Z1609.T7 |
| Item number | H84 |
| 100 1# - MAIN ENTRY--PERSONAL NAME | |
| Personal name | Hulet, Claude L. |
| Fuller form of name | (Claude Lyle), |
| Dates associated with a name | 1920- |
| Relator term | comp. |
| 245 10 - TITLE STATEMENT | |
| Title | Latin American prose in English translation; |
| Remainder of title | a bibliography. |
| 260 ## - PUBLICATION, DISTRIBUTION, ETC. | |
| Place of publication, distribution, etc. | Washington, D.C., |
| Name of publisher, distributor, etc. | General Secretariat, Organization of American States |
| Date of publication, distribution, etc. | [1964?] |
| 300 ## - PHYSICAL DESCRIPTION | |
| Extent | 191 p. |
| 410 20 - SERIES STATEMENT/ADDED ENTRY--CORPORATE NAME [OBSOLETE, CAN/MARC], [LOCAL, USA] | |
| Corporate name or jurisdiction name as entry element | Pan American Union. |
| Subordinate unit | Division of Philosophy and Letters. |
| Title of a work | Basic bibliographies, |
| Volume number/sequential designation | 1 |
| 500 ## - GENERAL NOTE | |
| General note | "Prepared by the Division of Philosophy and Letters, Dept. of Cultural Affairs, Pan American Union, Washington, D.C." |
| 650 #0 - SUBJECT ADDED ENTRY--TOPICAL TERM | |
| Topical term or geographic name entry element | Latin American literature |
| General subdivision | Translations into English |
| Form subdivision | Bibliography. |
| 651 #0 - SUBJECT ADDED ENTRY--GEOGRAPHIC NAME | |
| Geographic name | Latin America |
| Form subdivision | Bibliography. |
No items available.